000 00289nam a22001337a 4500
008 170727b xxu||||| |||| 00| 0 eng d
020 _a0805301771
041 _aeng
080 _a004
100 _a29
101 _aSHKI
245 _aHIGHLY PARALLEL COMPUTING
_cALMASI
942 _2udc
_cBK
999 _c22033
_d22033